| 000 | 00461nam a2200145 i 4500 | ||
|---|---|---|---|
| 001 | 135063 | ||
| 003 | ES-MaACL | ||
| 007 | t| | ||
| 008 | 070706s1904 fr ||||1| fre d | ||
| 100 | 1 |
_aThomas, Félix. _9110009 |
|
| 245 | 1 | 0 |
_aPierre Leroux _b: sa vie, son oeuvre, sa doctrine. Contribution a l'histoire des idës au siècle XIX / _cFélix Thomas. |
| 260 |
_aParis : _bFélix Alcan, _c1904. |
||
| 300 |
_aVI, 340 p. ; _c23 cm. |
||
| 852 |
_aES-MaACL _jB-5940 |
||
| 999 |
_c135063 _d135063 |
||